000 00998nam a22002777a 4500
001 136130
003 UA-OsUOA
005 20220315184226.0
007 ta
008 20190307b un ||||| |||| 00| 0 ukr d
020 _a978-0-9688187-9-4
040 _aUA-OsUOA
_bukr
_cUA-OsUOA
_dUA-OsUOA
041 _aukr
080 _a94(477).152
090 _a94(477).152
_bЗ-38
245 _aЗахідньоканадський збірник
_bзбірник про українське життя в Західній Канаді
_cза ред. В. Полковського, М. Сороки
_nЧ. 6
260 _aЕдмонтон-Острог
_bОстрозька академія
_c2012
300 _a436 с.
505 _gТ. XLV
650 7 _a9 Географія. Біографії. Історія
_2UDC
700 1 _aПолковський В.
_eред.
700 1 _aСорока М.
_eред.
942 _cBK
_2udc
955 _a1
999 _c416476
_d416476